Wszyscy władcy Czech w Historii - Statystyki

Ogólne statystyki
  • Ten quiz został rozwiązany 53 razy
  • Średni wynik to 21 z 87
Statystyki odpowiedzi
Lata Władca % Poprawnych
1228-1253 Wacław I
82%
1191-1192 Wacław II
82%
1278-1305 Wacław II
82%
1305-1306 Wacław III
79%
1346-1378 Karol I
64%
1378-1419 Wacław IV
64%
1792-1835 Franciszek
58%
1711-1740 Karol II
58%
1916-1918 Karol III
55%
1705-1711 Józef I
48%
1780-1790 Józef II
48%
1109-1117 Władysław I
48%
1120-1125 Władysław I
48%
1419-1437 Zygmunt Luksemburski
48%
1310-1346 Jan Luksemburski
45%
1140-1172 Władysław II
45%
1740-1780 Maria Teresa
42%
1848-1916 Franciszek Józef I
39%
1034-1055 Brzetysław I
36%
1657-1705 Leopold I
36%
1790-1792 Leopold II
36%
1092-1100 Brzetysław II
33%
1611-1619 Maciej
33%
1989-2003 Václav Havel
33%
1526-1564 Ferdynand I
30%
1619 Ferdynand II
30%
1620-1637 Ferdynand II
30%
1637-1657 Ferdynand III
30%
1564-1576 Maksymilian
30%
1192-1193 Przemysł Ottokar I
30%
1197-1230 Przemysł Ottokar I
30%
1253-1278 Przemysł Ottokar II
30%
1172-1173 Fryderyk
27%
1178-1189 Fryderyk
27%
915-921 Wratysław I
27%
1061-1092 Wratysław II
27%
935-972 Bolesław I Srogi
21%
1003 Jaromir
21%
1004-1012 Jaromir
21%
1033-1034 Jaromir
21%
1516-1526 Ludwik Jagiellończyk
21%
1576-1611 Rudolf II
21%
1458-1471 Jerzy z Podiebradów
18%
2023-2024 Petr Pavel
18%
894-915 Spitygniew I
18%
1107-1109 Świętopełk
18%
1471-1516 Władysław II Jagiellończyk
18%
1003-1004 Bolesław IV Chrobry
15%
872-883 Borzywoj I
15%
885-889 Borzywoj I
15%
1100-1107 Borzywoj II
15%
1117-1120 Borzywoj II
15%
1055-1061 Spitygniew II
15%
1306 Henryk Karyncki
12%
1307-1310 Henryk Karyncki
12%
2013-2023 Miloš Zeman
12%
1012-1033 Oldrzych
12%
1034 Oldrzych
12%
999-1002 Bolesław III Rudy
9%
1003 Bolesław III Rudy
9%
1935-1938 Edward Beneš
9%
1945-1948 Edward Beneš
9%
1938-1939 Emil Hácha
9%
1125-1140 Sobiesław I
9%
1173-1178 Sobiesław II
9%
890-894 Świętopełk I
9%
921-935 Wacław I Święty
9%
1438-1439 Albrecht Habsburg
6%
972-999 Bolesław II Pobożny
6%
1835-1848 Ferdynand V Dobrotliwy
6%
2003-2013 Václav Klaus
6%
1440-1457 Władysław I Pogrobowiec
6%
1002-1003 Władywoj
6%
1619-1620 Fryderyk Reński
3%
1975-1989 Gustáv Husák
3%
1741-1743 Karol III Bawarski
3%
1968-1975 Ludvík Svoboda
3%
1918-1935 Tomas Garrigue Masaryk
3%
1957-1968 Antonin Novotný
0%
1953-1957 Antonin Zápotocký
0%
1193-1197 Henryk Brzetysław
0%
1948-1953 Klemend Gottwald
0%
1092 Konrad I Brneński
0%
1189-1191 Konrad II Otto
0%
1306-1307 Rudolf I Habsurg
0%
883-885 Strojmir
0%
1197 Władysław III Henryk
0%
Nie znaleziono quizów pasujących do podanych kryteriów
Rozkład punktacji
Procent ludzi z każdym wynikiem
Percentyl według liczby udzielonych odpowiedzi
Twoja historia wyników
Nie rozwiązałeś tego quizu